000 00311nam a22001097a 4500
008 230703b xxu||||| |||| 00| 0 eng d
082 _a342
_bCKRC
245 _aThe Draft Constitution at a Glance
_bA Summary of the Proposals
260 _bConstitution of Kenya Review Commission
300 _a29p
942 _2ddc
_cBK
999 _c3507
_d3507